| 000 -LEADER |
| fixed length control field |
01258cam a2200349 i 4500 |
| 001 - CONTROL NUMBER |
| control field |
(Sirsi) a1164076 |
| 003 - CONTROL NUMBER IDENTIFIER |
| control field |
OSt |
| 005 - DATE AND TIME OF LATEST TRANSACTION |
| control field |
20230112084547.0 |
| 008 - FIXED-LENGTH DATA ELEMENTS--GENERAL INFORMATION |
| fixed length control field |
210406t20192019ilua a 000 j eng |
| 020 ## - INTERNATIONAL STANDARD BOOK NUMBER |
| International Standard Book Number |
9780807507629 |
| Qualifying information |
(hardback) : |
| 040 ## - CATALOGING SOURCE |
| Original cataloging agency |
DLC |
| Language of cataloging |
eng |
| Transcribing agency |
DLC |
| Modifying agency |
DLC |
| -- |
TAE |
| -- |
KH8 |
| Description conventions |
rda |
| 042 ## - AUTHENTICATION CODE |
| Authentication code |
nbic |
| 082 0# - DEWEY DECIMAL CLASSIFICATION NUMBER |
| Classification number |
813.6 MOS |
| 100 1# - MAIN ENTRY--PERSONAL NAME |
| Personal name |
Moser, Lisa, |
| Relator term |
author. |
| 245 12 - TITLE STATEMENT |
| Title |
A friendship yarn / |
| Statement of responsibility, etc. |
Lisa Moser ; illustrations by Olga Demidova. |
| 264 #1 - PRODUCTION, PUBLICATION, DISTRIBUTION, MANUFACTURE, AND COPYRIGHT NOTICE |
| Place of production, publication, distribution, manufacture |
Chicago, Illinois : |
| Name of producer, publisher, distributor, manufacturer |
Albert Whitman & Company, |
| Date of production, publication, distribution, manufacture, or copyright notice |
2019. |
| 264 #4 - PRODUCTION, PUBLICATION, DISTRIBUTION, MANUFACTURE, AND COPYRIGHT NOTICE |
| Date of production, publication, distribution, manufacture, or copyright notice |
©2019. |
| 300 ## - PHYSICAL DESCRIPTION |
| Extent |
30 unnumbered pages : |
| Other physical details |
color illustrations ; |
| Dimensions |
27 cm. |
| 336 ## - CONTENT TYPE |
| Content type term |
text |
| Content type code |
txt |
| Source |
rdacontent. |
| 336 ## - CONTENT TYPE |
| Content type term |
still image |
| Content type code |
sti |
| Source |
rdacontent. |
| 337 ## - MEDIA TYPE |
| Media type term |
unmediated |
| Media type code |
n |
| Source |
rdamedia. |
| 338 ## - CARRIER TYPE |
| Carrier type term |
volume |
| Carrier type code |
nc |
| Source |
rdacarrier. |
| 520 ## - SUMMARY, ETC. |
| Summary, etc. |
Neighbors Porcupine and Badger find their close friendship sorely tested when they accidentally knit from opposite ends of the same piece of yarn. |
| 521 1# - TARGET AUDIENCE NOTE |
| Target audience note |
Ages 3-5. |
| 650 #0 - SUBJECT ADDED ENTRY--TOPICAL TERM |
| Topical term or geographic name entry element |
Best friends |
| Form subdivision |
Juvenile fiction. |
| 650 #0 - SUBJECT ADDED ENTRY--TOPICAL TERM |
| Topical term or geographic name entry element |
Friendship |
| Form subdivision |
Juvenile fiction. |
| 650 #0 - SUBJECT ADDED ENTRY--TOPICAL TERM |
| Topical term or geographic name entry element |
Knitting |
| Form subdivision |
Juvenile fiction. |
| 650 #0 - SUBJECT ADDED ENTRY--TOPICAL TERM |
| Topical term or geographic name entry element |
Badgers |
| Form subdivision |
Juvenile fiction. |
| 650 #0 - SUBJECT ADDED ENTRY--TOPICAL TERM |
| Topical term or geographic name entry element |
Porcupines |
| Form subdivision |
Juvenile fiction. |
| 700 1# - ADDED ENTRY--PERSONAL NAME |
| Personal name |
Demidova, Olga, |
| Relator term |
illustrator. |
| 942 ## - ADDED ENTRY ELEMENTS (KOHA) |
| Source of classification or shelving scheme |
|
| Koha item type |
Books - Non Ficton |